000 00698nam a22001817a 4500
003 OSt
005 20250320100923.0
008 240903b ||||| |||| 00| 0 eng d
040 _c0
082 _aDPer 808.042 C686 June 2019 - February 2020, v. 70-71, n. 1-4.
100 _aRhodes, Keith.
_eauthor.
_959982
245 _aFeeling it :
_btoward style as culturally structured intuition /
_cKeith Rhodes.
260 _aUSA ;
_bNational Council of Teachers of English,
_cDecember 2019.
300 _avolume 71, pages 241-267,
_billustration.
500 _aCollege Composition & Communication, v. 71 n. 2, pages 261-267, December 2019.
700 _aRhodes, Keith.
_eauthor.
_959982
942 _2ddc
_cPER
999 _c21247
_d21247